000 02320cam a22004934i 4500
003 PE-LiUPU
005 20250731184522.0
008 150617s r 000 0 d
035 _a(Sirsi) a18750
040 _aPE-LiUPU
_bspa
_cPE-LiUPU
_erda
049 _aPRUA
082 0 4 _a985.0092
_bC491962
_221
100 1 _aCieza de León, Pedro,
_eautor.
245 1 3 _aLa crónica del Perú /
_cPedro Cieza de León.
264 1 _aMadrid :
_bEspasa-Calpe,
_c1962.
300 _a294 páginas ;
_c18 cm
336 _atext
_2rdacontent
337 _aunmediated
_2rdamedia
338 _avolume
_2rdacarrier
505 0 _aEn que se trata el descubrimietno de las Indias y de algunas cosas que en los principios de su descubrimiento se hicieron y de las que agora son. -- De la ciudad de Panamá y de su fundación -- De los puertos que hay desde la ciudad de Panamá -- En que se declara la navegación hasta llegar al Callao -- En que se declaran otras costumbres de los indios sujetos a la ciudad de uraba -- De las diócesis o obispados que hay en este reino del Perú -- De los monesterios que se han fundado en el Perú desde el tiempo en que se descubrió hasta hasta el año de 1550 años.
526 _aP136
526 _aP135
526 _aP134
526 _aP133
526 _aP144
526 _aP143
526 _aP87
526 _aP35
526 _aP20
526 _aP14
526 _aP10
526 _aP06
650 0 4 _aPerú
_xHistoria
_yEpoca preincaica
_vCrónicas.
910 _ajck
_bjvq
_cjck
_d20150616
942 _2ddc
_cBOOK
949 _a985.0092 C49 1962
_wDEWEY
_c1
_i36065
_lCCODEBUL1
_mBUL
_p00.00
_r0
_sY
_tBOOK
_u19920330
_xEDUCACION
_zUNKNOWN
_0COMPRA
_o.STAFF. Colección General
949 _a985.0092 C49 1962
_wDEWEY
_c2
_i13240
_lCCODEBUL1
_mBUL
_p00.00
_r0
_sY
_tBOOK
_u19920330
_xEDUCACION
_zUNKNOWN
_0COMPRA
_o.STAFF. Colección General
994 _aC0
_bPEPRU
596 _a1
999 _a985.0092 C49 1962
_wDEWEY
_c18476
_i36065
_f2021-11-8
_g5
_lCCODEBUL1
_mBUL
_r0
_sY
_tBOOK
_u2015-6-17
_xBIBLIOTECA
_zUNKNOWN
_0COMPRA
_o.STAFF. Colección General
_d18476
999 _a985.0092 C49 1962
_wDEWEY
_c2
_i13240
_f2019-12-11
_g4
_lDISCARD
_mBUL
_r1
_sY
_tBOOK
_u2015-6-17
_xEDUCACION
_zUNKNOWN
_0COMPRA
_o.STAFF. Colección General
980 _81
_gALBERTO SANCHEZ Responsable de Automatización